000
00180nam a2200073Ia 4500
008
170524s9999 xx 000 0 und d
100
_a
AGARWAL- MALTI
245
0
_a
REMEDIAL ENGLISH LANGUAGE
260
_b
KRISHNA PUB
999
_c
9553
_d
9553